The quicksands of Pactolus : a novel /

Saved in:
Bibliographic Details
Main Author: Vachell, Horace Annesley, 1861-1955
Format: Book
Language:English
Published: Melbourne : Robertson, 1906.
Edition:Colonial ed.
LEADER 00786cam a22002177a 4500
001 c000106961
003 CARM
005 19990201000000.0
008 990201s1906 vra 000 1 eng d
019 1 |a 14469243  |5 LACONCORD2021 
035 |a (OCoLC)222267313  |5 LACONCORD2021 
040 |a VLINC  |b eng  |c VLINC 
042 |a anuc 
100 1 |a Vachell, Horace Annesley,  |d 1861-1955. 
245 1 4 |a The quicksands of Pactolus :  |b a novel /  |c by Horace Annesley Vachell. 
250 |a Colonial ed. 
260 |a Melbourne :  |b Robertson,  |c 1906. 
300 |a 324 p. 
852 8 |b CARM  |h A2:AD21A0  |i B03187  |p 0153996  |f BK 
999 f f |i 6251d893-2635-5435-9604-176b45d087f6  |s 86fc2ab4-9af7-5e50-ad44-ac513d3ea7e3 
952 f f |p Can circulate  |a CAVAL  |b CAVAL  |c CAVAL  |d CARM 1 Store  |e B03187  |f A2:AD21A0  |h Other scheme  |i book  |m 0153996